Hollyoaks 2021 as of June - Statistics

General Stats
  • This quiz has been taken 232 times
  • The average score is 37 of 57
Answer Stats
Hint Answer % Correct
Minniver Maxine
87%
Lomax Leela
84%
McQueen Mercedes
84%
Lomax Peri
82%
Blake Sienna
82%
Nightingale James
81%
Osborne Darren
79%
Hay Ste
79%
Hutchinson Tony
79%
Fox Warren
79%
Hutchinson Diane
78%
Nightingale Juliet
78%
Cunnigham Cindy
77%
Nightingale Romeo
77%
St Claire Sally
77%
Cunningham Tom
74%
Black Grace
73%
McQueen Goldie
72%
Osborne Jack
72%
Hayton Nancy
71%
McQueen John Paul
70%
Richardson Ella
68%
Morgan Luke
68%
Maalik Misbah
68%
Dean Charlie
67%
Richardson Mandy
67%
McQueen Theresa
67%
Westwood Felix
65%
Drinkwell Scott
65%
Savage Liberty
64%
Nightingale Marnie
64%
Hudson Brody
62%
Maalik Imran
62%
Barnes Leah
62%
Hutchinson Verity
62%
Kinsella Damon
60%
Morgan Ollie
60%
McQueen Nana
59%
McQueen Sylver
59%
Maalik Sami
58%
McQueen Cleo
57%
Dexter Joel
57%
Ranger Summer
57%
Summers Sid
54%
Faroe Toby
53%
Maalik Yasmine
53%
Faroe Celeste
52%
Minniver Trish
52%
Hathway Brooke
51%
Deveraux Martine
50%
Campbell Courtney
49%
Deveraux Walter
47%
Winters Cher
46%
Maalik Shaq
46%
Collins Fergus
37%
Lennox Ripley
33%
Morgan Sue
32%
No matching quizzes found
Score Distribution
Percent of People with Each Score
Percentile by Number Answered
Your Score History
You have not taken this quiz